00909nam a2200241 a 450000100100000000500170001000800410002702000180006804000250008610000280011124000160013924501240015525000110027926000300029030000680032050400310038870000250041970000280044470000290047270000440050195201050054599900170065000004061420201002034243.0130904s2008 sp a 001 0 spa d a9788420537436 aDO-SdBNPbspacBNPHU1 aaEmber, Carol R.96695010aAntropology 0aAntropología /cCarol R. Ember, Melvin Ember, Peter Peregrine ; traducción, Santiago Montero y Joaquín Sánchez. a10a ed aMadrid :bPearson,c2008. aXXII, 491 p. :bil., retrs. ;c25 cme1 disco compacto (CD-ROM) aBibliografía e índices1 aEmber, Melvin9669511 aPeregrine, Peter9669521 aMontero, Santiago9669531 aSánchez Baides, Joaquínetr.966954 001050718MOaGRbGRcCTd2013-09-04iLF1l0o p40614-10r2020-06-25w2020-06-25y1ZNo se presta c40104d40104